| 000 | 00000nam##2200000za#4500 |
| 001 | 9.643443 |
| 003 | CaOODSP |
| 005 | 20210624224154 |
| 007 | cr ||||||||||| |
| 008 | 150407|1980||||xxc|||||o f|0| 0 fre|d |
| 040 | |aCaOODSP|bfre |
| 043 | |an-cn--- |
| 086 | 1 |aA73-1702/1980F-PDF |
| 110 | 1 |aCanada.|bAgriculture Canada. |bDivision de la consultation alimentaire. |
| 245 | 10|aCuisine à la métrique |h[ressource électronique] |
| 260 | |aOttawa - Ontario : |bAgriculture Canada. |cc1980. |
| 300 | |a20p.|bill. |
| 500 | |aPublication historique numérisée par Agriculture et Agroalimentaire Canada. -- Comprend des recettes. |
| 590 | |a15-01-Supp|b2015-01-26 |
| 691 | 07|aArt culinaire|2gcpds |
| 691 | 07|aÉconomie domestique|2gcpds |
| 775 | 08|tKitchen metrics |w(CaOODSP)9.699474 |
| 856 | 40|ahttp://publications.gc.ca|qPDF|s1.3 Mo|uhttps://publications.gc.ca/collections/collection_2014/aac-aafc/agrhist/A73-1702-1980-fra.pdf |
| 986 | |a1702 |